Normal view
MARC view
- A. Joshi, Madhuri
Entry Personal Name
001 - CONTROL NUMBER
- control field: 109233
003 - CONTROL NUMBER IDENTIFIER
- control field: NUST
005 - DATE AND TIME OF LATEST TRANSACTION
- control field: 20230220091652.0
008 - FIXED-LENGTH DATA ELEMENTS
- fixed length control field: 230220|| aca||aabn | a|a d
040 ## - CATALOGING SOURCE
- Original cataloging agency: NUST
- Transcribing agency: NUST
100 ## - HEADING--PERSONAL NAME
- Personal name: A. Joshi, Madhuri
670 ## - SOURCE DATA FOUND
- Source citation: Work cat.: (NUST): A. Joshi, Madhuri, Digital Image Processing :, 2006
